和文モールス信号 - Statistics

General Stats
  • This quiz has been taken 363 times
  • The average score is 16 of 48
Answer Stats
ひらがな コード % Correct
・-
55%
----
47%
--・--
44%
--
43%
・・-
43%
・・・・
40%
-・---
40%
-・-・-
40%
-・・
39%
39%
・-・・
39%
・-・
39%
---
38%
・・・
38%
38%
-・-・
36%
・-・・・
36%
・・-・
34%
・-・-
32%
-・-
32%
-・
32%
・・・-
32%
-・・・
31%
--・
31%
・--・
31%
-・--
31%
--・・
31%
-・-・・
31%
-・・--
31%
-・・-・
31%
---・-
31%
・-・-・
31%
・・-・・
30%
---・
30%
-・・-
30%
・-・--
30%
--・-・
30%
・---・
30%
・・--
29%
-・・・-
29%
--・・-
27%
--・-
26%
・・-・-
26%
・--
22%
-・--・
21%
・---
19%
・-・・-
17%
・--・・
17%
No matching quizzes found
Score Distribution
Percent of People with Each Score
Percentile by Number Answered
Your Score History
You have not taken this quiz